Growth Thinking Think, Design, Growth Hack - A Design Approaching to Growth Hacking
Salvato in:
| Autore principale: | |
|---|---|
| Natura: | Libro |
| Lingua: | inglese |
| Pubblicazione: |
[Calgary]
[s.n.]
2020
|
| Soggetti: | |
| Tags: |
Nessun Tag, puoi essere il primo ad aggiungerne!!
|
MARC
| LEADER | 00000nam a2200000 4500 | ||
|---|---|---|---|
| 001 | 0279501 | ||
| 005 | 20240417073812.1 | ||
| 020 | |a 978-1-9163569-5-5 | ||
| 020 | |a 978-1-9163569-4-8 | ||
| 020 | |a 978-1-9163569-6-2 | ||
| 020 | |a 978-1-9163569-7-9 | ||
| 041 | 0 | |a eng | |
| 044 | |a CA | ||
| 245 | 1 | 0 | |a Growth Thinking |b Think, Design, Growth Hack - A Design Approaching to Growth Hacking |c By Nader Sabry |
| 264 | 1 | |a [Calgary] |b [s.n.] |c 2020 | |
| 300 | |a 298 s. | ||
| 610 | 2 | 0 | |a marketing elektronický |
| 610 | 2 | 0 | |a technológie nové |
| 610 | 2 | 0 | |a start-up |
| 610 | 2 | 0 | |a stratégia marketingová |
| 610 | 2 | 0 | |a dizajn |
| 610 | 2 | 0 | |a vzdelávanie |
| 100 | 1 | |a Sabry, Nader | |